| 000 | 01214nam a2200241Ii 4500 | ||
|---|---|---|---|
| 003 | JO-AjNU | ||
| 005 | 20240625131344.0 | ||
| 008 | 230605s9999||||xx |||||||||||||| ||und|| | ||
| 040 |
_aJO-AjNU _bara _erda _cJO-AjNU |
||
| 041 | _aara | ||
| 050 | 1 | 4 | _aHF5668.25 2021 |
| 100 |
_aالفريح، سلام علي احمد _eمعد _965660 |
||
| 245 | 0 | 0 |
_aاستخدام بطاقة الأداء المتوازن لتقييم أداء التدقيق الداخلي في البلديات الأردنية= Using The Balanced Scorecard to Evaluate the internal Audit performance in jordanian Municpalities _c/ اعداد سلام علي احمد الفريح ؛ اشراف ليث عبدالله العريان |
| 264 | 3 | 1 | _a2021 |
| 300 | _a109 ورقة | ||
| 336 |
_atext _btxt _2rdacontent |
||
| 337 |
_aunmediated _bn _2rdamedia |
||
| 338 |
_avolume _bnc _2rdacarrier |
||
| 500 | _aرسالة جامعية(اطروحة ماجستير) تخصص المحاسبة/كلية ادارة الاعمال / جامعة عجلون الوطنية، 2021 | ||
| 650 | 4 |
_aالتدقيق الداخلي- البلديات-الاردن _961175 |
|
| 700 |
_aالعريان، ليث عبدالله _965104 _eمشرف |
||
| 942 |
_2lcc _cTHS |
||
| 999 |
_c31202 _d31202 |
||